000
00302nam a2200133Ia 4500
008
150201s2007 xx 000 0 und d
082
_a
616.7
_b
M07U
100
_a
UMA,K
245
_a
MCQ'S IN PATHOLOGY
250
_a
1ST
260
_b
ARYA PUB.
_a
DELHI
_c
2007
650
_a
PATHOLOGY
942
_2
ddc
_c
BK
_0
12
999
_c
935
_d
935